000 00327nam a2200133Ia 4500
008 240624s9999 xx 000 0 und d
041 _aeng
082 _a920 TOL
100 _aTOLSTOY LEO
245 _aGREAT WORKS OF LEO TOLSTOY
260 _c2014
_aNew Delhi
_bMaple Press
300 _a720 : p. : cm. ; 23
365 _cRS
_b25
999 _c23680
_d23680